Зульфагар. Меч халифа: романы

Bibliografiske detaljer
Hovedforfatter: Стародымов Н. А.
Summary:Залитая огнем Чечня, многолетняя кровавая мясорубка. Сражаясь против русских, «Волки ислама» не знают ни пощады, ни отдыха. Но кто они, эти непримиримые? И есть ли согласие между ними? Коран — священная книга для всех мусульман. Однако те, для кого война — смысл жизни, трактуют по-своему страницы Корана. Удастся ли им взять верх? Это вопрос вопросов, потому что его решение будет мечом начертано в судьбе России...
Sprog:russisk
Udgivet: СПб., Крылов, 2004
Serier:Военная авантюра
Fag:
Format: MixedMaterials Bog
KOHA link:https://koha.lib.tpu.ru/cgi-bin/koha/opac-detail.pl?biblionumber=105452

MARC

LEADER 00000nam0a2200000 4500
001 105452
005 20231031114419.0
010 |a 5943714790 
035 |a (RuTPU)RU\TPU\book\113797 
090 |a 105452 
100 |a 20061116d2004 m y0rusy50 ca 
101 0 |a rus 
102 |a RU 
105 |a y z 000ay 
200 1 |a Зульфагар. Меч халифа  |e романы  |f Н. А. Стародымов 
210 |a СПб.  |c Крылов  |d 2004 
215 |a 384 с. 
225 1 |a Военная авантюра 
330 |a Залитая огнем Чечня, многолетняя кровавая мясорубка. Сражаясь против русских, «Волки ислама» не знают ни пощады, ни отдыха. Но кто они, эти непримиримые? И есть ли согласие между ними? Коран — священная книга для всех мусульман. Однако те, для кого война — смысл жизни, трактуют по-своему страницы Корана. Удастся ли им взять верх? Это вопрос вопросов, потому что его решение будет мечом начертано в судьбе России... 
610 1 |a русская литература 
610 1 |a романы 
610 1 |a боевики 
610 1 |a Чечня 
675 |a Р2  |v 3 
700 1 |a Стародымов  |b Н. А. 
801 1 |a RU  |b 63413507  |c 20061116  |g PSBO 
801 2 |a RU  |b 63413507  |c 20061124  |g PSBO 
942 |c BK